Vývoj e-commerce a jeho využívanie v súčasnosti diplomová práca

Saved in:
Bibliographic Details
Main Author: Tkáčová, Kristína
Corporate Author: Podnikovohospodárska fakulta EU so sídlom v Košiciach. Katedra obchodného podnikania
Other Authors: Janošková, Mária Ria, 1965-
Format: Book
Language:Slovak
Published: Košice 2023
Tags: Add Tag
No Tags, Be the first to tag this record!

MARC

LEADER 00000nbm a2200000 4500
001 0292875
005 20240625090109.3
041 0 |a slo 
044 |a SK 
245 1 0 |a Vývoj e-commerce a jeho využívanie v súčasnosti  |b diplomová práca  |c Kristína Tkáčová ; školiteľ: Mária Ria Janošková 
264 1 |a Košice  |c 2023 
300 |a 83 s. 
100 1 |a Tkáčová, Kristína 
700 1 |a Janošková, Mária Ria, 1965- 
710 2 |a Podnikovohospodárska fakulta EU so sídlom v Košiciach. Katedra obchodného podnikania